[Event "Olympiad Women 2024"]
[Site "Budapest HUN"]
[Date "2024.09.14"]
[Round "4.19"]
[Board "4"]
[White "Wadifa, Ahmed"]
[Black "Hapala, Elisabeth"]
[Result "1/2-1/2"]
[WhiteElo "1988"]
[BlackElo "2113"]
[PlyCount "89"]
[EventDate "2024.09.11"]
[WhiteTeam "Bangladesh"]
[BlackTeam "Austria"]
[WhiteTeamCountry "BAN"]
[BlackTeamCountry "AUT"]

1. e4 c5 2. Nf3 e6 3. d4 cxd4 4. Nxd4 a6 5. Nc3 b5 6. Bd3 Bb7 7. O-O Nc6 8. Nxc6 Bxc6 9. Re1 Ne7 10. Bg5 ({RR} 10. a4 bxa4 11. Nxa4 Nc8 12. Be3 a5 13. e5 Qh4 14. c3 Be7 15. g3 Qh3 16. Bf1 Qf5 17. Nb6 Nxb6 18. Bxb6 Rb8 19. Bd3 Qh3 20. Bf1 Qf5 21. Bd3 Qf3 22. Qxf3 Bxf3 23. Bxa5 Rxb2 24. Rab1 Rxb1 {0-1 Guseinov,G (2661)-Kovalenko,I (2674) Chess.com Rapid Wk4 Swiss 2022 (4)}) 10... f6 $146 ({RR} 10... Qb6 11. a4 b4 12. a5 Qc7 13. Na4 Qxa5 14. Be3 Bxa4 15. b3 Qc7 16. Rxa4 a5 17. f4 Nc6 18. Qg4 g6 19. e5 Be7 20. g3 O-O 21. h4 h5 22. Qf3 Kg7 23. Be4 Rfd8 24. Qf2 Rdb8 25. Rd1 {0-1 Jaracz,B (2213)-Khamrakulov,I (2451) Andorra op 19th 2001 (4)}) ({RR} 10... Qb8 11. e5 Ng6 12. Qh5 Qb7 13. Be4 b4 14. Bxc6 Qxc6 15. Ne2 Bc5 16. Nf4 Bd4 17. Nd3 Qxc2 18. Qf3 Qc6 19. Re4 Nxe5 20. Nxe5 Bxe5 21. Rc1 Qd5 22. Rce1 Bxh2+ 23. Kxh2 Qxg5 24. Rxe6+ fxe6 25. Qxa8+ {0-1 Bressac,S (2253)-Reinaldo Castineira,R (2471) TCh-ESP 2nd Div 2024 (3.12)}) ({RR} 10... Qb8 11. a4 b4 12. Ne2 Ng6 13. Nd4 Qe5 14. Nf3 Qxb2 15. Rb1 Qc3 16. Bd2 Qf6 17. Bg5 Qc3 18. Bd2 Qf6 19. Bg5 {½-½ Felgaer,R (2570)-Bachmann,A (2551) Asuncion zt 2.5 2011 (6)}) ({RR} 10... Qa5 11. Bd2 Qc7 12. a4 Rb8 13. axb5 axb5 14. Be3 Nc8 15. Qe2 Qb7 16. Bd4 d6 17. f4 b4 18. Ba6 Qd7 19. Nd1 Bb5 20. Bxc8 Qxc8 21. Qf2 Qc6 22. Ra7 Ra8 23. Rxa8+ Qxa8 24. Qd2 d5 25. f5 {½-½ Ince,S (1878)-Kara,G (1674) World School-ch U15 Girls 2019 (6)}) 11. Bh4 Ng6 12. e5 Nxh4 13. Qh5+ g6 14. Qxh4 f5 15. Qxd8+ Rxd8 16. a4 b4 17. Nb1 a5 18. Nd2 Bc5 19. Nc4 Ra8 20. b3 g5 21. Rad1 h5 22. Bf1 h4 23. Nd6+ Ke7 24. Bb5 Bd5 25. Nxf5+ Kd8 26. Ne3 Bxe3 27. fxe3 Rc8 28. Bxd7 Kxd7 29. e4 Rxc2 30. exd5 Rf8 31. dxe6+ Kxe6 32. Rd6+ Ke7 33. Rg6 Rf5 34. e6 Rcc5 35. Rg7+ Ke8 36. e7 Rfe5 37. Rg8+ Kxe7 38. Rxe5+ Rxe5 39. Kf2 Kf6 40. Ra8 Kf5 41. Rc8 Ke4 42. Ke2 Kf4+ 43. Kf2 Ke4 44. Ke2 Kf4+ 45. Kf2 1/2-1/2

[Event "Olympiad Women 2024"]
[Site "Budapest HUN"]
[Date "2024.09.14"]
[Round "4.20"]
[Board "1"]
[White "Pipiras, Filipa Fortuna"]
[Black "Lakos, Nikoletta"]
[Result "1/2-1/2"]
[WhiteElo "2187"]
[BlackElo "2192"]
[PlyCount "62"]
[EventDate "2024.09.11"]
[WhiteTeam "Portugal"]
[BlackTeam "Hungary B"]
[WhiteTeamCountry "POR"]

1. d4 d5 2. c4 e6 3. Nc3 Be7 4. cxd5 exd5 5. Bf4 c6 6. e3 Bf5 7. Nge2 Qb6 ({RR} 7... Bd6 8. Ng3 Bg6 9. Bxd6 Qxd6 10. Qb3 Qe7 11. Be2 Nf6 12. O-O h5 13. h3 h4 14. Nh1 O-O 15. Rfe1 b6 16. Bf1 Nbd7 17. f3 Qe6 18. Nf2 c5 19. Rad1 a6 20. e4 dxe4 21. Qxe6 fxe6 22. Nfxe4 {1-0 Sokolov,I (2689)-King,D (2526) EU-ch blitz Cannes 2006 (1)}) ({RR} 7... Bd6 8. Qb3 b6 9. Ng3 Be6 10. Bxd6 Qxd6 11. Bd3 Nf6 12. O-O O-O 13. Rac1 Nbd7 14. Rfd1 g6 15. Nge2 a6 16. Na4 c5 17. dxc5 bxc5 18. Qa3 Rfc8 19. h3 Qf8 20. Nf4 c4 21. Qxf8+ Kxf8 22. Be2 {0-1 Muradli,M (2555)-Rustemov,A (2525) Titled Tue 13th Feb Early 2024 (5)}) 8. Qd2 Nf6 9. Ng3 Bg6 10. Be2 $146 ({RR} 10. h4 Nh5 11. Nxh5 Bxh5 12. f3 Bg6 13. h5 Bf5 14. O-O-O Nd7 15. g4 Be6 16. g5 Qa5 17. Bd3 O-O-O 18. Qc2 g6 19. Kb1 Rhg8 20. Na4 Nf8 21. hxg6 hxg6 22. Rc1 Bd6 23. Bxd6 Rxd6 24. Rh4 Rd8 {1-0 Popov,V (2563)-Al Tamimi,H (2284) Biel MTO op 42nd 2009 (3)}) ({RR} 10. h4 h5 11. Be2 Nbd7 12. a3 a5 13. Bf3 Qd8 14. Qe2 Kf8 15. Kf1 Qb6 16. Rc1 Re8 17. Kg1 Kg8 18. Qd2 Qa7 19. Bg5 Bf8 20. Nce2 Be4 21. Bxf6 Nxf6 22. Bxe4 dxe4 23. Nc3 Bd6 24. Rh3 Qb6 {½-½ Ree,H (2455)-Boersma,P (2380) OHRA Open Amsterdam 1985 (2)}) ({RR} 10. Bd3 Bxd3 11. Qxd3 g6 12. O-O Nbd7 13. Rab1 a5 14. f3 O-O 15. e4 dxe4 16. fxe4 Rad8 17. e5 Ne8 18. Kh1 Ng7 19. Nge4 Nf5 20. d5 cxd5 21. Nxd5 Qe6 22. Qb5 Kh8 23. Qxa5 Ra8 24. Qb5 Rxa2 {½-½ Martinsen,S (2180)-Stubberud,O (2299) NOR-chT 1011 2010 (1)}) 10... Nbd7 11. O-O O-O 12. Na4 Qb4 13. Qxb4 Bxb4 14. a3 Be7 15. b4 b5 16. Nc5 Nxc5 17. bxc5 a5 18. Rfc1 h6 19. a4 b4 20. Bd1 Ne4 21. Nxe4 Bxe4 22. Bb3 Bf6 23. Ra2 Rfe8 24. Rd2 Bf5 25. Re1 g5 26. Bd6 Kg7 27. Kf1 Bg6 28. Ke2 Ra7 29. Kd1 Be7 30. Bg3 Bf6 31. Bc2 Rb7 1/2-1/2

[Event "Olympiad Women 2024"]
[Site "Budapest HUN"]
[Date "2024.09.14"]
[Round "4.20"]
[Board "3"]
[White "Duque, Raquel Dos Santos"]
[Black "Demeter, Dorina"]
[Result "1/2-1/2"]
[WhiteElo "1913"]
[BlackElo "2199"]
[PlyCount "88"]
[EventDate "2024.09.11"]
[WhiteTeam "Portugal"]
[BlackTeam "Hungary B"]
[WhiteTeamCountry "POR"]

1. d4 d5 2. Nf3 e6 3. g3 b6 4. Bg2 Bb7 5. O-O Nd7 6. a4 ({RR} 6. c4 dxc4 7. Qa4 a6 8. Qxc4 Ngf6 9. Bg5 Be7 10. Nbd2 O-O 11. Rfd1 c5 12. dxc5 Nxc5 13. Nb3 Bd5 14. Qh4 Nce4 15. Nbd4 Qc7 16. Bf4 Qb7 17. Ng5 Nxf2 18. Rf1 Bxg2 19. Rxf2 Be4 20. Qh3 Bg6 {0-1 Robson,R (2676)-Grandelius,N (2663) Chess.com Rapid Wk6 Swiss 2022 (1)}) ({RR} 6. c4 dxc4 7. Qa4 a6 8. Qxc4 b5 9. Qc2 Ngf6 10. Bf4 c5 11. a4 Rc8 12. axb5 axb5 13. Qb3 Bc6 14. Ne5 Nxe5 15. dxe5 Nd5 16. Nc3 c4 17. Qd1 Bc5 18. Nxd5 Bxd5 19. e4 Bc6 20. Qg4 O-O {1-0 Bilan,D (2303)-Tanenbaum,Z (2260) Titled Tue 5th Mar Late 2024 (2)}) 6... a5 7. c4 $146 ({RR} 7. Nc3 Bb4 8. Bg5 Ne7 9. Na2 Bd6 10. Nc1 O-O 11. Nd3 f6 12. Bf4 Ng6 13. Bxd6 cxd6 14. Nf4 Nxf4 15. gxf4 Qe7 16. c3 Rad8 17. e3 Kh8 18. Kh1 f5 19. b4 Nf6 20. Nd2 Rc8 21. Rc1 Ba6 {1-0 Thorfinnsson,B (2439)-Grandelius,N (2663) Titled Tuesday intern op 02nd Mar blitz 2021 (2)}) 7... Ngf6 8. Bf4 dxc4 9. Qc2 Nd5 10. Bg5 f6 11. Bd2 Ba6 12. Re1 Rc8 13. Qe4 Qe7 14. Bh3 f5 15. Bxf5 exf5 16. Qxd5 Qe4 17. Qxe4+ fxe4 18. Ng5 Nf6 19. Nc3 Rd8 20. Bf4 Rd7 21. Rad1 Bb4 22. f3 Bb7 23. Be5 Bxc3 24. bxc3 Re7 25. fxe4 Bxe4 26. Nf3 Nd5 27. Nd2 Bc2 28. Ra1 Ne3 29. Bf4 O-O 30. Ra2 Bb3 31. Nxb3 cxb3 32. Rb2 Nc2 33. Rf1 Rxe2 34. Rxb3 Ne3 35. Bxe3 Rxe3 36. Rxf8+ Kxf8 37. Kf2 Re6 38. d5 Re4 39. d6 cxd6 40. Rxb6 Ke7 41. Rb7+ Kf6 42. Rd7 Rxa4 43. Rxd6+ Ke7 44. Ra6 Rc4 1/2-1/2

[Event "Olympiad Women 2024"]
[Site "Budapest HUN"]
[Date "2024.09.14"]
[Round "4.21"]
[Board "1"]
[White "Borosova, Zuzana"]
[Black "Perez Rodriguez, Jennifer"]
[Result "1/2-1/2"]
[WhiteElo "2205"]
[BlackElo "2224"]
[PlyCount "33"]
[EventDate "2024.09.11"]
[WhiteTeam "Slovakia"]
[BlackTeam "Paraguay"]
[WhiteTeamCountry "SVK"]
[BlackTeamCountry "PAR"]

1. e4 e5 2. Nf3 Nc6 3. d4 exd4 4. Nxd4 Nf6 5. Nxc6 bxc6 6. Bd3 d5 7. exd5 cxd5 8. O-O Be7 9. h3 O-O 10. Re1 c5 ({RR} 10... c6 11. Nd2 Re8 12. b3 Bd6 13. Rxe8+ Qxe8 14. Bb2 Be5 15. Bxe5 Qxe5 16. Nf3 Qd6 17. Qd2 a5 18. Re1 h6 19. Qc3 Be6 20. Qe5 Qxe5 21. Nxe5 c5 22. f4 Kf8 23. Ng6+ Kg8 24. Ne5 Kf8 25. Kf2 {½-½ Jobava,B (2690)-Leko,P (2691) Wch Blitz Riadh 2017 (1)}) 11. b3 Be6 12. Bb2 Rc8 $146 ({RR} 12... Nd7 13. Qf3 Bf6 14. Bxf6 Qxf6 15. Qxf6 Nxf6 16. Nc3 Rfc8 17. Rac1 Kf8 18. Be2 Rab8 19. Bf3 d4 20. Ne2 g5 21. Rcd1 h5 22. Ng3 h4 23. Ne4 Nxe4 24. Bxe4 Re8 25. Bc6 Re7 26. Rd2 Rb6 27. Bf3 {½-½ Smeets,J (2585)-Van Foreest,L (2531) Bundesliga 1920 final 2020 (1.6)}) ({RR} 12... d4 13. Nd2 a5 14. a4 Nd5 15. Qf3 Nb4 16. Be4 Rb8 17. Ba3 Bf6 18. Bxb4 cxb4 19. Rad1 Re8 20. Bc6 Re7 21. Ne4 Rc7 22. Nc5 Rxc6 23. Qxc6 Bd5 24. Qd7 Rc8 25. Qxd8+ Rxd8 26. Ne4 Bxe4 27. Rxe4 {1-0 De Souza,A (2113)-Goncalves,N (1966) Titled Tue 30th Jul Late 2024 (4)}) ({RR} 12... Ne4 13. Nd2 Nxd2 14. Qxd2 Bf6 15. Be5 a5 16. Qc3 Bxe5 17. Rxe5 Qb6 18. Rae1 Qb4 19. Qa1 a4 20. Rg5 d4 21. Qc1 h6 22. Rg3 Kh8 23. Re5 {1-0 Pechac,J (2587)-Jablonicky,M (2343) Trnava Reti Memorial GM 2022 (9)}) 13. Ba6 Rc6 14. Bb5 Rc8 15. Ba6 Rc6 16. Bb5 Rc8 17. Ba6 1/2-1/2

[Event "Olympiad Women 2024"]
[Site "Budapest HUN"]
[Date "2024.09.14"]
[Round "4.21"]
[Board "2"]
[White "Vargas, Gabriela"]
[Black "Repkova, Eva"]
[Result "0-1"]
[WhiteElo "2109"]
[BlackElo "2319"]
[PlyCount "132"]
[EventDate "2024.09.11"]
[WhiteTeam "Paraguay"]
[BlackTeam "Slovakia"]
[WhiteTeamCountry "PAR"]
[BlackTeamCountry "SVK"]

1. d4 d5 2. Nf3 Nf6 3. e3 e6 4. Bd3 c5 5. b3 Nc6 6. O-O Bd6 7. Bb2 Qc7 8. c4 cxd4 9. exd4 O-O 10. Re1 Ne7 $146 ({RR} 10... Rd8 11. Nc3 a6 12. c5 Bf4 13. g3 Bh6 14. Na4 Nd7 15. Bc1 Bxc1 16. Rxc1 g6 17. Qd2 Kg7 18. Qb2 Rb8 19. h4 Nf8 20. h5 gxh5 21. Kg2 Bd7 22. Qd2 f6 23. Nb6 Be8 24. b4 Bg6 25. Bb1 {1-0 Deepan Chakkravarthy,J (2499)-Sultan,I (2141) Dubai op 20th 2018 (2)}) ({RR} 10... b6 11. Nc3 a6 12. cxd5 exd5 13. Rc1 Bf4 14. Rc2 Bg4 15. Na4 Rfe8 16. Rxe8+ Rxe8 17. g3 b5 18. Nc5 Bd6 19. Re2 Rc8 20. Re1 Nxd4 21. Bxd4 Bxc5 22. Bxf6 gxf6 23. Kg2 Qd7 24. Qd2 Kg7 25. Nh4 {½-½ Markus,R (2613)-Perunovic,M (2554) Gligoric Trophy KO 2023 (1.1)}) ({RR} 10... Rd8 11. Na3 a6 12. Nc2 b6 13. Ne5 Bb7 14. Re3 Ne7 15. Rh3 Ng6 16. Nxg6 {½-½ Dizdar,G (2455)-Bukal,V YUG Team-ch35 1983}) 11. c5 Bf4 12. g3 Bh6 13. Ne5 Nc6 14. f4 Nxe5 15. fxe5 Ne4 16. Nc3 f5 17. Bxe4 dxe4 18. Nb5 Qc6 19. Nd6 Bd7 20. Bc1 e3 21. Qe2 f4 22. gxf4 Bxf4 23. Qg2 Qxg2+ 24. Kxg2 Bc6+ 25. Kg1 Bxe5 26. dxe5 Rf2 27. Rxe3 Raf8 28. Ne4 Rf1+ 29. Kg2 R1f4 30. Ba3 Bxe4+ 31. Rxe4 Rxe4 32. c6 bxc6 33. Bxf8 Kxf8 34. Rc1 Rxe5 35. Rxc6 a5 36. Kf3 Kf7 37. Rb6 g5 38. a4 h5 39. h3 Rc5 40. b4 axb4 41. Rxb4 Rc3+ 42. Kg2 h4 43. a5 Rg3+ 44. Kh2 Ra3 45. Rb7+ Kf6 46. Ra7 Ra2+ 47. Kg1 Ke5 48. a6 Kf4 49. Kf1 Kg3 50. Rg7 Ra5 51. a7 Kxh3 52. Rxg5 Rxa7 53. Kf2 Rf7+ 54. Kg1 Rf5 55. Rg6 e5 56. Rg8 e4 57. Rg7 Rf4 58. Rg2 Rg4 59. Kh1 Rg3 60. Re2 e3 61. Rf2 Kg4 62. Rf8 e2 63. Re8 Kf3 64. Kh2 Kf2 65. Re4 e1=Q 66. Re2+ Qxe2 0-1

[Event "Olympiad Women 2024"]
[Site "Budapest HUN"]
[Date "2024.09.14"]
[Round "4.21"]
[Board "3"]
[White "Mrvova, Alena"]
[Black "Montiel Caceres, Helen"]
[Result "1/2-1/2"]
[WhiteElo "2121"]
[BlackElo "1864"]
[PlyCount "147"]
[EventDate "2024.09.11"]
[WhiteTeam "Slovakia"]
[BlackTeam "Paraguay"]
[WhiteTeamCountry "SVK"]
[BlackTeamCountry "PAR"]

1. e4 c5 2. Nf3 e6 3. d3 Nc6 4. g3 d6 5. Bg2 Nf6 6. O-O Be7 7. c3 O-O 8. Qe2 b5 $146 ({RR} 8... e5 9. h3 Bd7 10. Nbd2 b5 11. Rd1 a5 12. d4 Qc8 13. Kh2 cxd4 14. cxd4 a4 15. dxe5 Nxe5 16. Nxe5 dxe5 17. Nf3 Qb8 18. Bg5 Be6 19. a3 {½-½ Tompa,J-Prelovszky,L HUN-ch23 Budapest 1967 (11)}) ({RR} 8... e5 9. Rd1 Re8 10. d4 exd4 11. cxd4 Bf8 12. Nc3 cxd4 13. Nxd4 h6 14. h3 d5 15. Be3 Nxd4 16. Bxd4 dxe4 17. Bxa7 Qa5 18. Bd4 Ra6 19. Qb5 Bf5 20. Qxb7 e3 21. Bxe3 Rxe3 22. fxe3 Rb6 23. Qc7 {0-1 Ibarra Jerez,J (2567)-Sarana,A (2682) Titled Tue 17th Oct Late 2023 (11)}) ({RR} 8... Qc7 9. a4 b6 10. Na3 Bb7 11. Bf4 Rfd8 12. Rfe1 Nd7 13. d4 e5 14. dxe5 Ncxe5 15. a5 Bc6 16. axb6 axb6 17. Bxe5 Nxe5 18. Nxe5 dxe5 19. Bf1 Bg5 20. Qf3 g6 21. Bc4 Kg7 22. Bd5 f5 23. Nc4 {½-½ Belyakov,B (2416)-Gelman,A (2403) Titled Tue 30th Jan Early 2024 (11)}) ({RR} 8... Nd7 9. d4 Bf6 10. Rd1 Qc7 11. Na3 a6 12. Nc4 cxd4 13. cxd4 e5 14. Nxd6 Nxd4 15. Nxd4 Qxd6 16. Nf5 Qc7 17. Bd2 Nb8 18. Bb4 Re8 19. Ne3 a5 20. Nd5 Qc6 21. Rac1 Qa6 22. Qxa6 Nxa6 23. Bxa5 {1-0 Nun,J (2382)-Rehorek,M (2334) CZE-chT2c 0607 2006 (1.1)}) ({RR} 8... Rb8 9. d4 cxd4 10. cxd4 d5 11. e5 Ne4 12. Nc3 Nxc3 13. bxc3 b5 14. h4 b4 15. cxb4 Nxb4 16. Rd1 Ba6 17. Qd2 Qa5 18. a3 Qa4 19. Bb2 Nc2 20. Rab1 Nxa3 21. Bxa3 Rxb1 22. Rxb1 Qxa3 23. h5 {0-1 Brown,M-Friedland,J (2199) Oxford University op 3rd 2003 (2)}) 9. d4 Rb8 10. e5 Nd5 11. dxc5 dxc5 12. Nbd2 Qc7 13. Re1 a5 14. a4 Ba6 15. Qe4 bxa4 16. Rxa4 Nb6 17. Ra1 Rfd8 18. Bf1 Bxf1 19. Nxf1 Qd7 20. Ng5 Bxg5 21. Bxg5 Re8 22. Be3 Qd5 23. Qxd5 Nxd5 24. Bc1 Red8 25. Nd2 Nb6 26. f4 Rd5 27. Kf2 h6 28. Ke2 Rbd8 29. Ne4 Rb8 30. Rd1 Kf8 31. Rxd5 Nxd5 32. Nxc5 Ke7 33. Kd3 f6 34. exf6+ gxf6 35. b3 Rd8 36. Kc4 h5 37. Kb5 Rc8 38. Na4 Nxc3+ 39. Kb6 Nd5+ 40. Ka6 Ndb4+ 41. Kb6 Nd4 42. Ba3 Nxb3 43. Rd1 Rd8 44. Rxd8 Kxd8 45. Kb5 Ke8 46. Nc3 Kf7 47. Ne4 Nd3 48. Kc4 Ndc1 49. Kc3 a4 50. Kb4 Nd3+ 51. Kxa4 Nd4 52. Nc5 Nxc5+ 53. Bxc5 Nf3 54. h3 Nd2 55. Bf2 Ne4 56. Be1 Nc5+ 57. Kb5 Nd3 58. Bc3 Nf2 59. h4 Ne4 60. Be1 Kg6 61. Kc4 Kf5 62. Kd4 Nd6 63. Bb4 Nb5+ 64. Kc5 Nc7 65. Kd6 Nd5 66. Bd2 Nb6 67. Kc5 Nd7+ 68. Kd6 Nf8 69. Ke7 Ng6+ 70. Kf7 e5 71. fxe5 fxe5 72. g4+ Kxg4 73. Kxg6 Kxh4 74. Kf5 1/2-1/2

[Event "Olympiad Women 2024"]
[Site "Budapest HUN"]
[Date "2024.09.14"]
[Round "4.22"]
[Board "1"]
[White "Shuqja, Klean"]
[Black "Cramling, Pia"]
[Result "0-1"]
[WhiteElo "2042"]
[BlackElo "2425"]
[PlyCount "100"]
[EventDate "2024.09.11"]
[WhiteTeam "Albania"]
[BlackTeam "Sweden"]
[WhiteTeamCountry "ALB"]
[BlackTeamCountry "SWE"]

1. e4 c5 2. Nf3 e6 3. c3 Nf6 4. e5 Nd5 5. d4 cxd4 6. cxd4 d6 7. Bc4 Nb6 8. Bd3 Bd7 9. O-O Bc6 10. Qe2 ({RR} 10. Nc3 N8d7 11. Bf4 dxe5 12. Nxe5 Nxe5 13. Bxe5 Bd6 14. Re1 O-O 15. Re3 Bxe5 16. dxe5 Qg5 17. Be4 Rfd8 18. Qe2 Bxe4 19. Rxe4 Rd2 20. Qb5 Rad8 21. Rf1 h6 22. Re3 Qe7 23. Rg3 R8d4 24. h3 Nd5 {0-1 Zhigalko,S (2572)-Duda,J (2732) Titled Tue 27th Feb Late 2024 (4)}) ({RR} 10. Nc3 N8d7 11. Bf4 dxe5 12. dxe5 Nc5 13. Be2 Qxd1 14. Rfxd1 Rc8 15. Nd4 Bd7 16. Ndb5 a6 17. Nd6+ Bxd6 18. Rxd6 Bc6 19. Be3 Ncd7 20. Rad1 Nd5 21. Nxd5 Bxd5 22. f4 Rc6 23. Rxc6 Bxc6 24. Rc1 Nb8 {1-0 Perez Ponsa,F (2538)-Suder,J (2333) Titled Tue 13th Feb Late 2024 (4)}) 10... Bxf3 $146 ({RR} 10... N8d7 11. Bf4 Nd5 12. Bd2 dxe5 13. Nxe5 Nxe5 14. dxe5 Be7 15. Be4 Qc7 16. Bxd5 Bxd5 17. Rc1 Qd7 18. Qg4 Bc6 19. b4 Qd5 20. Qg3 Bh4 21. Qg4 h5 22. Qh3 Qd4 23. Be3 Qxa1 24. Nc3 Bxf2+ 25. Kxf2 {0-1 Ghader Pour,S (2190)-Sergeyeva,M (2328) Abu Dhabi op 17th 2007 (4)}) ({RR} 10... N8d7 11. Nc3 Rc8 12. Bf4 dxe5 13. dxe5 Nc5 14. Bc2 Nd5 15. Nxd5 Bxd5 16. Rfd1 Be7 17. Rac1 O-O 18. b4 Nd7 19. a3 Rc4 20. Bg3 Qc8 21. Qd3 g6 22. Nd2 Rc3 23. Bb1 Rxc1 24. Rxc1 Qxc1+ 25. Nf1 {0-1 Kaganskiy,G (2247)-Suder,J (2306) Titled Tuesday intern op 10th May Late blitz 2022 (1)}) ({RR} 10... N8d7 11. Nc3 Be7 12. Bf4 dxe5 13. dxe5 Nd5 14. Nxd5 Bxd5 15. Rfd1 O-O 16. Rac1 Rc8 17. Rxc8 Qxc8 18. Ng5 Bxg5 19. Bxg5 Nxe5 20. Qxe5 f6 21. Bxf6 Rxf6 22. Be4 Qc5 23. Qd4 Qxd4 24. Rxd4 Bxe4 25. Rxe4 {½-½ Patil,P (2141)-Yanev,T (2349) Wch U20 50th 2011 (9)}) 11. Qxf3 Nc6 12. Bb5 d5 13. Qg4 h5 14. Qg5 Rc8 15. Qxd8+ Kxd8 16. Be3 a6 17. Be2 Be7 18. Nd2 Kd7 19. Rac1 g6 20. Rfd1 Na4 21. Rb1 b5 22. Nb3 Rc7 23. f4 Na7 24. Bd3 Nc8 25. Nd2 Ncb6 26. a3 Rb8 27. Re1 Nc4 28. b3 Nxe3 29. bxa4 Nc2 30. Bxc2 Rxc2 31. Nf3 Bxa3 32. axb5 axb5 33. Re3 Rc1+ 34. Re1 Rxe1+ 35. Nxe1 Be7 36. Nd3 b4 37. Rb3 Rc8 38. Kf2 Rc4 39. Ke3 Kc6 40. Rb2 Kb5 41. Ra2 Rc7 42. g3 b3 43. Ra8 Kc4 44. Rb8 Kc3 45. h3 Rc4 46. g4 hxg4 47. hxg4 Bb4 48. f5 Rxd4 49. Nc1 Re4+ 50. Kf3 b2 0-1

[Event "Olympiad Women 2024"]
[Site "Budapest HUN"]
[Date "2024.09.14"]
[Round "4.22"]
[Board "3"]
[White "Caku, Kler"]
[Black "Cramling Bellon, Anna"]
[Result "0-1"]
[WhiteElo "1859"]
[BlackElo "2066"]
[PlyCount "90"]
[EventDate "2024.09.11"]
[WhiteTeam "Albania"]
[BlackTeam "Sweden"]
[WhiteTeamCountry "ALB"]
[BlackTeamCountry "SWE"]

1. e4 c5 2. Nf3 e6 3. d4 cxd4 4. Nxd4 Nf6 5. Nc3 Nc6 6. Ndb5 d6 7. Bf4 e5 8. Bg5 a6 9. Na3 b5 10. Nd5 Be7 11. Bxf6 Bxf6 12. c3 Bg5 13. Nc2 O-O 14. Be2 Be6 15. Nce3 ({RR} 15. Qd3 Ne7 16. Ncb4 Nxd5 17. Nxd5 Rb8 18. O-O Qd7 19. Rad1 Rfc8 20. Qg3 h6 {½-½ Vogt,L (2352)-Vaisser,A (2495) WchT Seniors 65 2020 (2.7)}) ({RR} 15. a4 bxa4 16. Rxa4 a5 17. O-O Rb8 18. Qa1 Qd7 19. Bc4 Qb7 20. b3 Kh8 21. Rd1 f5 22. exf5 Bxf5 23. Nde3 Qa7 24. Nxf5 Rxf5 25. Rf1 Rbf8 26. Qe1 Qc5 27. Qe2 d5 28. Bb5 Qxc3 29. Bxc6 Qxc6 {0-1 Tian,M-Ji,Y (1660) ch-CHN Personal GpB w 2024 (11.30)}) 15... Ne7 16. Nxe7+ Qxe7 17. Qd3 $146 ({RR} 17. Nd5 Qb7 18. O-O Rac8 19. Qd3 Rc5 20. Rfd1 Kh8 21. a4 f5 22. Bf3 Bxd5 23. exd5 e4 24. Bxe4 fxe4 25. Qxe4 bxa4 26. Rxa4 Qxb2 27. Rxa6 Qxf2+ {0-1 Grunert,W (1582)-Bochnicka,V (1889) EU Union-ch U12 2017 (7)}) ({RR} 17. Nd5 Qb7 18. O-O f5 19. f3 Kh8 20. Qd3 Rf7 21. Rad1 Raf8 22. Kh1 g6 23. a4 fxe4 24. fxe4 Rxf1+ 25. Rxf1 Rxf1+ 26. Bxf1 bxa4 27. Nb4 Be7 28. Qe2 a5 29. Nd3 Bc4 30. h3 Qb5 31. Qf3 Kg7 {0-1 Dos Santos,F-De Almeida Jr,B (2167) Agua Preta op 2009 (4.6)}) ({RR} 17. Nd5 Qb7 18. O-O Bxd5 19. Qxd5 Qxd5 20. exd5 Rab8 21. g3 f5 22. Rfb1 a5 23. h4 Bf6 24. a4 b4 25. cxb4 Rxb4 26. b3 Rfb8 27. Bb5 Kf8 28. Kf1 e4 29. Ra2 Bd4 30. Ke2 Ke7 31. Rc2 Bc5 {½-½ Manakova,M (2238)-Yakimova,M (2288) Wch Rapid (Women) 2019 (7)}) 17... Bxe3 18. Qxe3 d5 19. Bd3 d4 20. Qg3 Qc5 21. O-O dxc3 22. bxc3 Qxc3 23. Rfd1 Rfd8 24. Rac1 Qa3 25. Bb1 Qa4 26. Re1 Qd4 27. h4 Rac8 28. Qa3 Rxc1 29. Rxc1 Qd2 30. Qe3 Qxe3 31. fxe3 Kf8 32. a3 Rd2 33. Kh2 Rb2 34. Bc2 Ra2 35. a4 b4 36. Bd1 b3 37. Rb1 Rxa4 38. Bxb3 Rb4 39. Bc2 Rxb1 40. Bxb1 a5 41. Bc2 Ke7 42. Kg1 Kd6 43. Kf2 Kc5 44. Ke2 Kb4 45. Kd2 Bb3 0-1

[Event "Olympiad Women 2024"]
[Site "Budapest HUN"]
[Date "2024.09.14"]
[Round "4.22"]
[Board "4"]
[White "Valcu, Lavinia"]
[Black "Omeri, Eklea"]
[Result "1-0"]
[WhiteElo "2076"]
[BlackElo "1962"]
[PlyCount "53"]
[EventDate "2024.09.11"]
[WhiteTeam "Sweden"]
[BlackTeam "Albania"]
[WhiteTeamCountry "SWE"]
[BlackTeamCountry "ALB"]

1. e4 d5 2. exd5 Qxd5 3. Nc3 Qd6 4. d4 c6 5. Nf3 Bg4 6. Bc4 e6 7. Be3 Nf6 8. Qd2 ({RR} 8. h3 Bh5 9. Qe2 Nbd7 10. g4 Bg6 11. Ne5 Nb6 12. Bb3 Ne4 13. Nxe4 Bxe4 14. f3 Bg6 15. h4 h6 16. Nxg6 fxg6 17. Qd3 O-O-O 18. O-O-O Nd5 19. Qxg6 Be7 20. Rde1 Bf6 21. Qe4 Rde8 22. g5 Bd8 {1-0 German,N (2064)-Bozhko,A (1716) Korchnoi Mem Open 2024 (1.73)}) 8... Bxf3 9. gxf3 Nbd7 $146 ({RR} 9... Qb4 10. Bb3 Nbd7 11. Ne4 Qxd2+ 12. Kxd2 Nd5 13. c4 N5b6 14. Ke2 f5 15. Ng5 Ke7 16. f4 Kf6 17. Bd2 a5 18. a3 a4 19. Ba2 h6 20. Nf3 c5 21. d5 exd5 22. cxd5 Re8+ 23. Kf1 Bd6 24. Rg1 {1-0 Bezuidenhout,R (2076)-Abrantes,P (2010) Livingstone FIDE zt 4.3 2017 (3)}) 10. O-O-O Nb6 11. Bb3 Qc7 12. Ne4 a5 13. Bf4 Qd7 14. a3 Nbd5 15. Be5 b5 16. Rhg1 Nxe4 17. fxe4 Ne7 18. Bxg7 Bxg7 19. Rxg7 a4 20. Ba2 Ng6 21. d5 cxd5 22. exd5 e5 23. d6 Rf8 24. Rxh7 Nf4 25. Qe3 Ng6 26. f4 Rc8 27. fxe5 1-0

[Event "Olympiad Women 2024"]
[Site "Budapest HUN"]
[Date "2024.09.14"]
[Round "4.23"]
[Board "1"]
[White "Varela La Madrid, Tilsia Carolina"]
[Black "Dolgova, Olga"]
[Result "1-0"]
[WhiteElo "2017"]
[BlackElo "2171"]
[PlyCount "51"]
[EventDate "2024.09.11"]
[WhiteTeam "Venezuela"]
[BlackTeam "Norway"]
[WhiteTeamCountry "VEN"]
[BlackTeamCountry "NOR"]

1. e4 c6 2. d4 d5 3. Nc3 dxe4 4. Nxe4 Bf5 5. Ng3 Bg6 6. h4 h6 7. Nf3 e6 8. h5 Bh7 9. Bd3 Bxd3 10. Qxd3 Nf6 11. Bd2 Be7 12. O-O-O c5 13. Ne4 ({RR} 13. Be3 Nc6 14. dxc5 Qa5 15. Kb1 Bxc5 16. Ne4 Nxe4 17. Qxe4 Bxe3 18. Qxe3 O-O 19. Rd7 Nb4 20. a3 Nd5 21. Qb3 b5 22. Ne5 Rac8 23. Rd1 Rc7 24. Rxc7 Qxc7 25. Nf3 Rc8 26. Rd2 a6 27. g3 Nf6 {0-1 Hayrapetyan,E (2343)-Samunenkov,I (2539) Titled Tue 13th Feb Early 2024 (6)}) 13... cxd4 ({RR} 13... Nc6 14. Bc3 Qd5 15. Nxf6+ gxf6 16. dxc5 Qxd3 17. cxd3 Rg8 18. g3 Bxc5 19. d4 Be7 20. d5 Nb4 21. Bxb4 Bxb4 22. dxe6 fxe6 23. Rh4 Bc5 24. Re4 e5 25. Rd2 Kf7 26. Nh4 Ke6 27. g4 Rac8 28. Kd1 {0-1 Guseinov,G (2613)-Ni,H (2666) Olympiad-41 Tromsoe 2014 (8.4)}) 14. Nxd4 Nbd7 15. Rh3 $146 ({RR} 15. Nb5 O-O 16. Nxf6+ Nxf6 17. Qxd8 Rfxd8 18. f3 a6 19. Nc3 b5 20. g4 b4 21. Ne2 Rac8 22. Nf4 Rc4 23. Be3 Rdc8 24. Rh2 Bc5 25. Ng2 Nd5 26. Bxc5 R4xc5 27. Ne1 a5 28. Rd3 Kf8 29. a3 Ke7 {½-½ Zuse,P (2215)-Rosner,J (2424) Verbandsliga Nordbaden 1819 2018 (8.1)}) ({RR} 15. Nb3 O-O 16. g4 Qc7 17. Nxf6+ Nxf6 18. Rhg1 Rfd8 19. Qe2 a5 20. a4 Rd5 21. g5 hxg5 22. Bxg5 Re5 23. Qf3 Rc8 24. Nd4 Nxh5 25. Bxe7 Qxe7 26. Nb5 Rf5 27. Qe2 Qh4 28. Nd6 Rxf2 29. Qxf2 Qxf2 {0-1 Kosteniuk,A (2555)-Gunina,V (2525) Khanty-Mansiysk FIDE GP (Women) 2016 (11)}) ({RR} 15. Nxf6+ Nxf6 16. Qb5+ Qd7 17. Qxd7+ Kxd7 18. Bf4 Nd5 19. Nf5 Bf6 20. Ne3 Kc6 21. Nxd5 exd5 22. Rh3 Rhe8 23. c3 Re4 24. Rf3 a6 25. Kc2 b5 26. g3 a5 27. Be3 b4 28. Rf5 Rd8 29. Bxh6 bxc3 {1-0 Shomoev,A (2552)-Ganguly,S (2652) Ulaanbaatar Chinggis 4th 2018 (7)}) 15... Nxe4 16. Qxe4 Nc5 17. Qg4 Bf6 18. Bb4 Qb6 19. Nb3 Na4 20. Ba3 Qb5 21. Re3 e5 22. Nd4 Qa6 23. Nf5 Rd8 24. Red3 Rxd3 25. Rxd3 b5 26. Nxg7+ 1-0